Điều khiển tối ưu hệ động học trong chế độ thời gian thực : Luận án Tiến sĩ - Chuyên ngành Toán học

Wedi'i Gadw mewn:
Manylion Llyfryddiaeth
Prif Awdur: Võ, Thị Thanh Hà
Fformat: Luận văn
Iaith:Undetermined
Cyhoeddwyd: Đại học Tổng hợp Quốc gia Belarus 2015
Pynciau:
Tagiau: Ychwanegu Tag
Dim Tagiau, Byddwch y cyntaf i dagio'r cofnod hwn!
Thư viện lưu trữ: Trung tâm Thư viện - Trường Đại học Công nghiệp TP. Hồ Chí Minh
LEADER 00637nam a2200157Ia 4500
001 UIH_01778
008 230809s9999 xx 000 0 und d
082 |a 510 
100 |a Võ, Thị Thanh Hà 
245 0 |a Điều khiển tối ưu hệ động học trong chế độ thời gian thực : Luận án Tiến sĩ - Chuyên ngành Toán học 
245 0 |c Võ, Thị Thanh Hà 
260 |b Đại học Tổng hợp Quốc gia Belarus 
260 |c 2015 
650 |a Toán học 
927 |a Luận văn 
980 |a Trung tâm Thư viện - Trường Đại học Công nghiệp TP. Hồ Chí Minh